000 00870nam a2200241 a 4500
005 20250307063827.0
008 170525s2015 mx r 000 0 spa d
020 _a9786079401627 (El Colegio de San Luis)
020 _a9786074173499 (UIA)
035 _aUPN01000218187
049 _aCG
050 4 _aBL820 H5
_bH4.7
245 0 0 _aHércules en el mito, la historia y el arte iberoamericano :
_brelatos de una figura de poder y dominación /
_ccoord. José Luis Péres Flores.
260 _aMéxico :
_bEl Colegio de San Luis :
_bUniversidad Iberoamericana,
_c2015.
300 _a246 p. :
_bil., figs.
440 0 _aInvestigaciones
600 0 4 _aHERCULES (MITOLOGIA ROMANA)
_920033
650 4 _aMITOLOGIA ROMANA
_914403
651 4 _aAmérica Latina
_xCivilización
_92733
700 1 _aPérez Flores, José Luis,
_ecoord.
905 _aLibro
999 _c190287
_d190287